| 000 | 00780nam a22002655i 4500 | ||
|---|---|---|---|
| 001 | 13249 | ||
| 003 | ES-MaACL | ||
| 005 | 20230906150532.0 | ||
| 007 | t| | ||
| 008 | 911011s1989 sp ||||0| spa j | ||
| 020 | _a84-207-3193-5 | ||
| 040 |
_aM-BN _bspa _cM-BN |
||
| 080 | _a087.5:82 | ||
| 080 | _a82:087.5 | ||
| 100 | 1 |
_aFraile, Medardo. _952103 |
|
| 245 | 1 | 0 |
_aSanta Engracia, número dos o tres / _cMedardo Fraile ; ilustraciones, Mabel Piérola. |
| 250 | _a[1ª ed.]. | ||
| 260 |
_aMadrid : _bAnaya, _c1989. |
||
| 300 |
_a95 p : _bil ; _c19 cm. |
||
| 490 | 1 |
_aLuna de papel ; _v30 |
|
| 700 | 1 |
_aPiérola, Mabel. _991949 |
|
| 830 | 0 |
_aLuna de papel ; _v30 _9179457 |
|
| 852 |
_aES-MaACL _jL-20567 _bR.126286 _q. - Firma autógr. del autor |
||
| 999 |
_c13249 _d13249 |
||